Športovci, rozhodcovia a športové kluby vo vzťahu k dani z pridanej hodnoty a dani z príjmov fyzických osôb

Základné informácie v oblasti zdaňovania príjmov a uplatňovania DPH v športových kluboch, združeniach a zväzoch, ako aj u profesionálnych športovcov a iných fyzických osôb, ktorým plynú príjmy od športových klubov. Za určitých podmienok ide totiž o zdaniteľné osoby z pohľadu uplatňovania zákona č. 2...

Full description

Saved in:
Bibliographic Details
Main Author: Boráková, Marta
Other Authors: Ondreášová, Zuzana
Format: Book Chapter
Language:Slovak
Subjects:
Tags: Add Tag
No Tags, Be the first to tag this record!

MARC

LEADER 00000naa$a2200000$$$4500
001 0051545
005 20231106072438.4
041 0 |a slo 
044 |a SK 
245 1 0 |a Športovci, rozhodcovia a športové kluby vo vzťahu k dani z pridanej hodnoty a dani z príjmov fyzických osôb  |c Marta Boráková, Zuzana Ondreášová 
520 |a Základné informácie v oblasti zdaňovania príjmov a uplatňovania DPH v športových kluboch, združeniach a zväzoch, ako aj u profesionálnych športovcov a iných fyzických osôb, ktorým plynú príjmy od športových klubov. Za určitých podmienok ide totiž o zdaniteľné osoby z pohľadu uplatňovania zákona č. 222/2004 Z.z. o dani z pridanej hodnoty, zároveň podliehajú dani z príjmov. 
610 2 0 |a dane z hodnoty pridanej 
610 2 0 |a dane z príjmov 
610 2 0 |a šport 
610 2 0 |a Slovensko 
100 1 |a Boráková, Marta 
700 1 |a Ondreášová, Zuzana